000 00599nam a22001577a 4500
003 SGT
020 _a9788121923002
082 _a658.3 KHA
100 _aKHANKA,S.S
245 _aHUMAN RESOURCE MANAGEMENT: TEXT AND CASES
260 _aNEW DELHI
_bS.CHAND
_c2016
300 _a449
650 _aHUMAN RESOURCE MANAGEMENT
653 _aSection - I Environment And Strategies Section-Ii Acquisition And Absorption Section - Iii Development Section – Iv Maintenance And Retention Section - V Control Section - Vi Miscellaneous Section – Vii Cases From Indian Organisations
942 _2ddc
_cFCM
_077
999 _c10455
_d10455